|
|
|
|
| LEADER |
01166nam a22002891 4500 |
| 001 |
c000199948 |
| 003 |
CARM |
| 005 |
20021125001900.0 |
| 008 |
851029s1916 gw 0 ger d |
| 019 |
1 |
|
|a 4025305
|5 LACONCORD2021
|
| 035 |
|
|
|a (OCoLC)216321323
|5 LACONCORD2021
|
| 100 |
1 |
|
|a Bismarck, Otto,
|c Fürst von,
|d 1815-1898.
|
| 245 |
1 |
0 |
|a Gedanken und Erinnerungen :
|b Volks-Ausgabe.
|
| 260 |
|
|
|a Stuttgart :
|b Cotta,
|c 1916.
|
| 300 |
|
|
|a Vol.1-2.
|
| 500 |
|
|
|a Vol.3 has title: Erinnerung und Gedanke.
|
| 600 |
1 |
0 |
|a Bismarck, Otto,
|c Fürst von,
|d 1815-1898.
|
| 651 |
|
0 |
|a Germany
|x History
|y 1815-1866.
|
| 651 |
|
0 |
|a Germany
|x History
|y 1871-1918.
|
| 651 |
|
0 |
|a Germany
|x Politics and government.
|
| 651 |
|
0 |
|a Europe
|x Politics and government.
|
| 852 |
8 |
|
|b CARM
|h A2:AD24H0
|i A03015
|p 0285903
|f BK
|
| 852 |
8 |
|
|b CARM
|h A2:AM12A0
|i A03271
|p 0288301
|f BK
|
| 082 |
0 |
4 |
|a 943
|
| 999 |
f |
f |
|i 340f2817-74a1-52ce-8fd5-c91910372351
|s da76bc44-7cf0-523c-b3c1-8633d265b1cf
|
| 952 |
f |
f |
|p Can circulate
|a CAVAL
|b CAVAL
|c CAVAL
|d CARM 1 Store
|e A03015
|f A2:AD24H0
|h Other scheme
|i book
|m 0285903
|
| 952 |
f |
f |
|p Can circulate
|a CAVAL
|b CAVAL
|c CAVAL
|d CARM 1 Store
|e A03271
|f A2:AM12A0
|h Other scheme
|i book
|m 0288301
|